Viaje a América
Sparad:
| Huvudupphovsman: | |
|---|---|
| Materialtyp: | Bok |
| Språk: | spanska |
| Publicerad: |
Buenos Aires
Emecé
1944
|
| Serie: | Colección Buen Aire
|
| Ämnen: | |
| Taggar: |
Lägg till en tagg
Inga taggar, Lägg till första taggen!
|
MARC
| LEADER | 00000nam a2200000 a 4500 | ||
|---|---|---|---|
| 001 | UCR7484 | ||
| 003 | CL-VaPUC | ||
| 008 | 980515e19440000AG |||||||||||||||||spa|d | ||
| 082 | 0 | 4 | |a 910.4 |b CHA |2 21 |
| 100 | 0 | |a Chateaubriand, François Renate |e author |9 338716 | |
| 245 | 1 | 0 | |a Viaje a América |
| 300 | |a 140 p | ||
| 942 | |c BK | ||
| 945 | |d 19980515 00:00:00 |a mvenant | ||
| 260 | |a Buenos Aires |b Emecé |c 1944 | ||
| 650 | 0 | |a Relatos |9 369412 | |
| 650 | 0 | |a Descripciones y viajes |9 262159 | |
| 650 | 0 | |a Historia |9 255047 | |
| 651 | 0 | |a América Latina |9 255027 | |
| 583 | |a last modification |c 19980515 00:00:00 |k Rodrigo Vera | ||
| 490 | 0 | |a Colección Buen Aire | |
| 999 | |c 269094 |d 269092 | ||
| 952 | |0 0 |1 0 |4 0 |6 910_400000000000000_CHA_1944 |7 0 |8 A |9 302715 |a BIBART |b BIBART |d 2019-11-20 |i 3427226 |o 910.4 CHA 1944 |p 3427226 |r 2025-03-13 |w 2019-11-20 |y BK |k ART | ||